| 000 | 01548nam a2200469 i 4500 | ||
|---|---|---|---|
| 001 | 49535 | ||
| 003 | KOSZ 005 | ||
| 005 | 20220330142750.0 | ||
| 008 | 020510s2002 pl f |000 0 pol | ||
| 015 | _aUWD 2002/8285 | ||
| 020 | _a8302082864 | ||
| 035 | _a991018160179705066 | ||
| 035 | _a(PL-WaBN)b14921479-48omnis_nlop | ||
| 035 | _ab14921479 | ||
| 035 | _a(OCoLC)749259085 | ||
| 035 | _a(PL)b0000001492147 | ||
| 035 | _a(EXLNZ-48OMNIS_NETWORK)9910203831305606 | ||
| 040 |
_aWA N _cWA N _dKOSZ 005/HR |
||
| 041 | 0 |
_apol _aeng |
|
| 046 | _k2002 | ||
| 080 | _a37.016:811.111 | ||
| 100 | 1 |
_aPawłowska, Barbara Elżbieta _eAutor |
|
| 245 | 1 | 0 |
_aInteraction : _bbeginner : książka nauczyciela / _cBarbara Pawłowska, Maria Witak. |
| 260 |
_aWarszawa : _bWydawnictwa Szkolne i Pedagogiczne, _ccop. 2002. |
||
| 300 |
_a131, [1] s. ; _c30 cm. |
||
| 336 |
_aTekst _btxt _2rdacontent |
||
| 337 |
_aBez urządzenia pośredniczącego _bn _2rdamedia |
||
| 338 |
_aWolumin _bnc _2rdacarrier |
||
| 380 | _aKsiążki | ||
| 388 | _a2001- | ||
| 490 | 1 | _aWSiP Europa | |
| 650 | 7 |
_aJęzyk angielski _2DBN |
|
| 650 | 7 | _aNauczanie języków obcych | |
| 658 | _aJęzykoznawstwo | ||
| 658 | _aEdukacja i pedagogika | ||
| 700 | 1 |
_aWitak, Maria _eAutor |
|
| 710 | 2 |
_aWydawnictwa Szkolne i Pedagogiczne _4pbl |
|
| 830 | 0 | _aWSiP Europa | |
| 856 |
_uhttp://koha.tu.koszalin.pl/cgi-bin/koha/opac-detail.pl?biblionumber=49535 _yKatalog online BPK |
||
| 942 |
_2UKD _cKS |
||
| 999 |
_c49535 _d49535 |
||